| 000 | 00738nam a2200241 a 4500 | ||
|---|---|---|---|
| 003 | Co-PeBPM | ||
| 005 | 20251014143324.0 | ||
| 008 | 231129s1952||||xx |||||||||||||| ||spa|| | ||
| 040 |
_bspa _aCo-PeBPM _cCo-PeBPM _eRDA |
||
| 041 | _aspa | ||
| 082 | _a232.91 A316t | ||
| 100 |
_aAlastruey, D. Gregorio _eAutor |
||
| 245 | 0 | _aTratado de la Virgen Santísima | |
| 260 | _c1952 | ||
| 264 | _aMadrid (España) : Editorial Católica S.A. | ||
| 300 |
_a978 páginas; _c20.5 cms |
||
| 490 | _aBiblioteca de Autores Cristianos | ||
| 500 | _aIncluye índice de materias e Índice general | ||
| 505 | _aIncluye índice de materias e Índice general | ||
| 650 | 1 | 4 |
_2LEMB _aVida _vVirgen María |
| 650 | 1 | 4 |
_2LEMB _aCulto |
| 942 |
_2ddc _cBK _n0 |
||
| 999 |
_c25614 _d25614 |
||